000 00389 a2200145 4500
999 _c5612
_d5612
020 _a8122406084
050 _aQC 20.82 KUM 1994
100 _aSing, Abhay Kumar
_eauthor
245 _aProblems in Physics/
_cAbhay Kumar Singh
264 _aNew Delhi:
_bWiley Eastern Limited,
_c1994
300 _a584p.
500 _aIncludes Appendix
650 _aPhysics
942 _2lcc
_cBK
_h20.82
_iKUM
_kQC